000 00767nam a2200241 i 4500
001 bg
100 1 _aBIELAK, Stanisław
245 1 0 _aNieliniowa teoria powłok /
_cStanisław Bielak.
260 _aOpole :
_bKom. Red. Wydawnictw WSI,
_c1995.
300 _a393 s. :
_brys., wykr. ;
_c24 cm.
490 1 _aStudia i Monografie / Wyższa Szkoła Inżynierska w Opolu,
_x0239-5991 ;
_vz.83
650 9 _aGeometria różniczkowa
650 9 _aPowłoki
_xteoria
650 9 _aSprężystość
_xteoria
650 9 _aTensory
655 _aPodręczniki
830 0 _aStudia i Monografie (Wyższa Szkoła Inżynierska w Opolu)
040 _cBPK
041 0 _apol
080 _a624.01/.07:539.3:514.7](07)
942 _cKS
008 s pl f |000 0 pol
999 _c30716
_d30716
856 _uhttp://koha.tu.koszalin.pl/cgi-bin/koha/opac-detail.pl?biblionumber=30716
_yKatalog online BPK